000 00402nam a22001337a 4500
082 _a621.56
_bSEV
_cL-8 , P-19
100 _aSeverns,William H,
_941962
245 _aAir conditioning and refrigeration.
_cSeverns,William H,
260 _aJapan
_bJohn Wiley & sons, Inc.
_c1958
300 _a563 P.:
_bill, ;
_c20 cm.
526 _a0
_b0
_c0
_d621_560000000000000_SEV
650 _aMCE
_9379
942 _2ddc
_cBK
999 _c545977
_d545977